Welcome to the Holygrace Academy Library

Please use search bar below to get started

THE LAWS OF NATURE (Record no. 7015)

MARC details
000 -LEADER
fixed length control field 00593nam a22001457a 4500
082 ## - DEWEY DECIMAL CLASSIFICATION NUMBER
Classification number 823
Item number BHA/L
100 ## - MAIN ENTRY--AUTHOR NAME
Personal name BHAKTIVEDANTA A.C
245 ## - TITLE STATEMENT
Title THE LAWS OF NATURE
260 ## - PUBLICATION, DISTRIBUTION, ETC. (IMPRINT)
Place of publication MUMBAI
Name of publisher NARMADA GOSWAMI
Year of publication 1991
300 ## - PHYSICAL DESCRIPTION
Number of Pages 118
520 ## - SUMMARY, ETC.
Summary, etc Laws of nature are (a subclass of the) true descriptions of the world. Whatever happens in the world, there are true descriptions of those events. It's true that you cannot “violate” a law of nature, but that's not because the laws of nature 'force' you to behave in some certain way.
650 ## - SUBJECT ADDED ENTRY--TOPICAL TERM
Topical Term THEORY OF LAW
700 ## - ADDED ENTRY--PERSONAL NAME
Personal name PHYSICS
942 ## - ADDED ENTRY ELEMENTS (KOHA)
Koha item type Books
Holdings
Withdrawn status Lost status Collection code Home library Current library Shelving location Date acquired Source of acquisition Full call number Accession Number Koha item type
    Reference Main Library Main Library NEW SHELF WITH NEW ENTRY 05/10/2023 Purchase 823 BHA/L 12940 Books